000 00707cam a22002293a 4500
001 27777
003 PGUSA
005 20140828083612.0
008 090111s2009||||xxu|||||s|||||000 | eng d
040 _aPGUSA
_beng
042 _adc
050 4 _aE201
100 1 _aCrow, Martha Foote,
_d1854-1924
245 1 0 _aLafayette
_h[electronic resource] /
_cMartha Foote Crow
260 _bProject Gutenberg,
_c2009
506 _aPublic domain in the USA.
516 _aElectronic text
653 _aLafayette, Marie Joseph Paul Yves Roch Gilbert Du Motier, marquis de, 1757-1834 -- Juvenile literature
830 0 _aProject Gutenberg
_v27777
856 4 0 _uhttp://www.gutenberg.org/ebooks/27777
942 _cEB
999 _c257032
_d257032